000 01032nam0a22003371 4500
001 RU\NLR\A1SV\13591
005 20251203171251.9
035 _a(NLR Aleph) 009698901
090 _a9774492
_c9774492
100 _a19800104d1922 u y0rusy50 ca
101 0 _arus
102 _aRU
200 1 _aРуководство к универсальной счетной таблице (с арифметическим делением)
_fВинкель, Г., д-р инж.
210 _aМ.
_cГос. техн. изд-во
_d1922
215 _a26 с.
_d17 см
225 _aИнж.-пром. б-ка
_hСер.4
_iБ
_fНауч.-техн. отд. В.С.Н.Х.
_vN XIII-1
620 _dМосква
700 1 _aВинкель
_bГ.
_f1878-1926
_gГанс
801 0 _aRU
_bNLR
_c19800104
852 _aNLR
_j47/1-1
899 _aБАН
899 _aРКП
899 _aРГБ
899 _aНГОУНБ
899 _aBnF
899 _aНБЛ КГУ
899 _aNLG
942 _cBOOK
980 _aNB
980 _aA1SV